000 00806nam a2200193Ii 4500
003 JO-AjNU
008 230605s9999||||xx |||||||||||||| ||und||
040 _aJO-AjNU
_bara
_erda
_cJO-AjNU
041 _aara
050 1 4 _aBP166.T343.I26 1982
100 3 _aالحنفي، علي بن علي بن محمد بن ابي العز ، تحقيق وتعليق عبد الرحمن عميرة,
_eauthor
_940019
245 0 0 _aشرح الطحاوية في العقيدة السلفية، ج2
264 3 1 _aالرياض: مكتبة المعارف، 1982
300 _aج2، 432ص
_bيشتمل على الفهارس(ص357-432)
336 _atext
_btxt
_2rdacontent
337 _aunmediated
_bn
_2rdamedia
338 _avolume
_bnc
_2rdacarrier
650 4 _aعلم الكلام- العقيدة الاسلامية
_940020
999 _aA16949
_c20517
_d20517